000 00395nam a2200133Ia 4500
005 20260326235506.0
008 260326s9999||||xx |||||||||||||| ||und||
100 _aCortés Solano, Rodrigo
245 0 _aPoblados de interés Social :
_b Manual de reglamentación /
_cRodrigo Cortés Solano
260 _bInstituto Colombiano de Cultura
300 _a71 p.
650 _aDISEÑO URBANO
942 _cBK
999 _c8188
_d8188